| 000 | 00000nas##2200000za#4500 |
| 001 | 9.509557 |
| 003 | CaOODSP |
| 005 | 20200325130657 |
| 007 | ta |
| 008 | 150406c1991||||xxc|| m #||||f| |0fre|d |
| 022 | |a0706-4152 |
| 040 | |aCaOODSP|bfre |
| 041 | |aeng |
| 041 | |afre |
| 043 | |an-cn--- |
| 086 | 1 |aCH57-3/1 |
| 110 | 1 |aCanada.|bPatrimoine canadien. |bInstitut canadien de conservation. |
| 245 | 10|aBulletin technique |
| 260 | |aOttawa - Ontario : |bPatrimoine canadien. |c1975--. |
| 310 | |aIrrégulier |
| 362 | 1 |aN° 3 -- |
| 563 | |aCouverture souple |
| 775 | 08|tBulletin technique |w(CaOODSP)9.513182 |
| 775 | 08|tTechnical bulletin |w(CaOODSP)9.514834 |
| 791 | |tTechnical bulletin |eeng|w(CaOODSP)9.509556 |